[Event "ISL-ch"]
[Site "Hafnarfjordur"]
[Date "2023.05.16"]
[Round "2"]
[White "Domalchuk Jonasson, Aleksandr"]
[Black "Ingvason, Johann"]
[Result "1/2-1/2"]
[WhiteElo "2338"]
[BlackElo "2076"]
[PlyCount "134"]
[EventDate "2023.05.15"]
[EventType "tourn"]
[EventRounds "11"]
[EventCountry "ISL"]
[EventCategory "6"]
[SourceTitle "CBM 214 Extra"]
[Source "ChessBase"]
[SourceDate "2023.07.31"]
[SourceVersion "1"]
[SourceVersionDate "2023.07.31"]
[SourceQuality "1"]

1. d4 d5 2. Nf3 Nf6 3. c4 c6 4. e3 e6 5. b3 Nbd7 6. Bd3 Bd6 7. Bb2 b6 8. 0-0 0-0 9. Nc3 Bb7 10. Qc2 Qe7 11. e4 dxe4 12. Nxe4 Nxe4 13. Bxe4 Nf6 14. Bd3 Ba3 15. Bc3 Bb4 16. Bxb4 Qxb4 17. c5 bxc5 18. a3 Qa5 19. dxc5 Ba6 20. Bxa6 Qxa6 21. Ne5 Rfd8 22. b4 Rd5 23. Nc4 Rad8 24. Rfc1 h5 25. a4 Rd4 26. Rab1 Rb8 27. Qc3 Rd5 28. Qc2 Qc8 29. Nd6 Qc7 30. h3 Nd7 31. Rd1 a5 32. Rxd5 exd5 33. Qf5 Nf6 34. Qg5 Rxb4 35. Re1 Ne4 36. Qxh5 Rb8 37. Nxe4 dxe4 38. Qf5 Rb4 39. g3 g6 40. Qf6 Qd7 41. Qd6 Qxd6 42. cxd6 Rd4 43. d7 Rxd7 44. Rxe4 Rd1+ 45. Kg2 Rd5 46. Kf3 Rc5 47. Ke3 f5 48. Re8+ Kf7 49. Ra8 Ke6 50. Kd3 Rd5+ 51. Kc4 Rd2 52. Rxa5 Rxf2 53. Ra8 Rc2+ 54. Kb3 Rg2 55. a5 Rxg3+ 56. Kb4 Kd6 57. Rh8 c5+ 58. Kc4 Ra3 59. Rd8+ Kc6 60. Rc8+ Kd6 61. Rd8+ Kc7 62. Rg8 Rxa5 63. Rxg6 Kd7 64. Rf6 f4 65. Kd5 Ra4 66. Ke5 Ra3 67. Rxf4 Rxh3 1/2-1/2

[Event "ISL-chT Kvika 2223"]
[Site "Reykjavik"]
[Date "2023.03.18"]
[Round "9.2"]
[White "Edvardsson, Kristjan"]
[Black "Ingvason, Johann"]
[Result "0-1"]
[WhiteElo "2235"]
[BlackElo "2122"]
[PlyCount "111"]
[EventDate "2022.10.13"]
[EventType "team-tourn"]
[EventRounds "10"]
[EventCountry "ISL"]
[SourceTitle "CBM 213 Extra"]
[Source "ChessBase"]
[SourceDate "2023.05.31"]
[SourceVersion "1"]
[SourceVersionDate "2023.05.31"]
[SourceQuality "1"]
[WhiteTeam "Taflfelag Gardjabaejar"]
[BlackTeam "Breidjblik Skakdeild"]
[WhiteTeamCountry "ISL"]
[BlackTeamCountry "ISL"]

1. d4 d5 2. c4 c6 3. Nf3 e6 4. g3 Nd7 5. Bg2 Ngf6 6. 0-0 Bd6 7. Nbd2 0-0 8. Qc2 Re8 9. Rd1 Qe7 10. e4 dxe4 11. Nxe4 Nxe4 12. Qxe4 Nf6 13. Qc2 c5 14. b3 cxd4 15. Nxd4 Bc5 16. Bb2 h5 17. h3 e5 18. Nf5 Qe6 19. Ne3 Bxe3 20. fxe3 h4 21. gxh4 Qb6 22. Qf2 Bd7 23. Qg3 Bc6 24. Rd6 Nh5 25. Qf2 Qc5 26. Rad1 Bxg2 27. Kxg2 Re6 28. Rxe6 fxe6 29. Qf3 Rf8 30. Qe4 Rf5 31. Rd8+ Kh7 32. Rd5 Qf8 33. Rxe5 g6 34. Rxf5 exf5 35. Qxb7+ Kh6 36. Be5 Qd8 37. Qd5 Qxh4 38. Qf3 Qe1 39. Qf2 Qd1 40. h4 Kh7 41. Bd4 Qg4+ 42. Kh2 Qd1 43. c5 Qc1 44. b4 Qc4 45. a3 a6 46. Qg2 Qd3 47. Qf2 Qb5 48. Qf3 Qc4 49. Kh3 Qc1 50. Be5 Qxa3 51. c6 Qxb4 52. c7 Qc4 53. Qd1 a5 54. Kg2 Kh6 55. Kh3 a4 56. Qf3 0-1

[Event "Reykjavik Skakping op"]
[Site "Reykjavik"]
[Date "2023.01.29"]
[Round "7"]
[White "Ingvason, Johann"]
[Black "Briem, Benedikt"]
[Result "1/2-1/2"]
[WhiteElo "2132"]
[BlackElo "2100"]
[PlyCount "122"]
[EventDate "2023.01.08"]
[EventType "swiss"]
[EventRounds "9"]
[EventCountry "ISL"]
[SourceTitle "EXT 2024"]
[Source "ChessBase"]
[SourceDate "2023.10.10"]
[SourceVersion "1"]
[SourceVersionDate "2023.10.10"]
[SourceQuality "1"]

1. c4 e6 2. g3 d5 3. Bg2 Nf6 4. Nf3 Be7 5. 0-0 0-0 6. d4 dxc4 7. Qa4 Bd7 8. Qxc4 Bc6 9. Nc3 Nbd7 10. Re1 Ne4 11. Qd3 Ndf6 12. Ne5 Nxc3 13. Bxc6 Nxe2+ 14. Rxe2 bxc6 15. Nxc6 Qd7 16. Nxe7+ Qxe7 17. Bg5 Rfd8 18. Rc2 c5 19. Rc4 Rab8 20. Rac1 h6 21. Bxf6 Qxf6 22. Rxc5 Rxb2 23. R1c2 Rxc2 24. Qxc2 Qxd4 25. Rc8 Rxc8 26. Qxc8+ Kh7 27. Qc2+ g6 28. h4 Kg7 29. a4 a5 30. Qc6 Qd1+ 31. Kh2 Qd4 32. Kg1 Qd2 33. Qe4 Qd1+ 34. Kh2 Qd5 35. Qc2 e5 36. Qc3 Kf6 37. f4 Kf5 38. fxe5 Qxe5 39. Qf3+ Ke6 40. Qc6+ Ke7 41. Qc4 Kf6 42. Qc6+ Kg7 43. Qc4 Qb2+ 44. Kh3 Qd2 45. Qb5 Kf6 46. Qc6+ Ke7 47. Qc5+ Kf6 48. Qc6+ Kg7 49. Qb5 h5 50. Qe5+ Kf8 51. Qh8+ Ke7 52. Qe5+ Kd7 53. Qb5+ Ke6 54. Qe8+ Kf6 55. Qh8+ Ke7 56. Qe5+ Kd7 57. Qb5+ Kd6 58. Qb8+ Kc5 59. Qb5+ Kd6 60. Qb8+ Kc5 61. Qb5+ Kd6 1/2-1/2

[Event "Reykjavik Skakping op"]
[Site "Reykjavik"]
[Date "2023.01.18"]
[Round "4"]
[White "Omarsson, Adam"]
[Black "Ingvason, Johann"]
[Result "1/2-1/2"]
[WhiteElo "1693"]
[BlackElo "2132"]
[PlyCount "101"]
[EventDate "2023.01.08"]
[EventType "swiss"]
[EventRounds "9"]
[EventCountry "ISL"]
[SourceTitle "EXT 2024"]
[Source "ChessBase"]
[SourceDate "2023.10.10"]
[SourceVersion "1"]
[SourceVersionDate "2023.10.10"]
[SourceQuality "1"]

1. d4 d5 2. c4 c6 3. cxd5 cxd5 4. Nc3 e6 5. Nf3 Nf6 6. Bf4 Bd6 7. Bg3 Nc6 8. e3 a6 9. a3 0-0 10. Bd3 b5 11. b4 Bb7 12. 0-0 Ne7 13. Nd2 Nf5 14. Bxf5 exf5 15. Qf3 g6 16. Nb3 Ne4 17. Bxd6 Qxd6 18. Nxe4 dxe4 19. Qg3 Qxg3 20. hxg3 Bd5 21. Nc5 a5 22. Rfc1 Ra7 23. bxa5 Rxa5 24. Nd7 Rd8 25. Nc5 Rda8 26. Rab1 R8a7 27. Rb4 Kg7 28. Rc3 h5 29. Nb3 Rxa3 30. Rxb5 Be6 31. d5 Bd7 32. Rbc5 Rb7 33. Nd4 Rb1+ 34. Rc1 Rxc1+ 35. Rxc1 Ra5 36. Rd1 Kf6 37. Ne2 g5 38. f4 g4 39. Kf2 Ra2 40. Rb1 Rd2 41. Rb6+ Ke7 42. Ke1 Rxd5 43. Rh6 Rd3 44. Kf2 Rd2 45. Ke1 Rb2 46. Rxh5 Rb1+ 47. Kd2 Rb2+ 48. Ke1 Rb1+ 49. Kd2 Rf1 50. Rh2 Ra1 51. Rh5 1/2-1/2

[Event "Reykjavik Skakping op"]
[Site "Reykjavik"]
[Date "2023.01.08"]
[Round "1"]
[White "Ingvason, Johann"]
[Black "Jonatansson, Sigurdur Freyr"]
[Result "1-0"]
[WhiteElo "2132"]
[BlackElo "1537"]
[PlyCount "59"]
[EventDate "2023.01.08"]
[EventType "swiss"]
[EventRounds "9"]
[EventCountry "ISL"]
[SourceTitle "EXT 2024"]
[Source "ChessBase"]
[SourceDate "2023.10.10"]
[SourceVersion "1"]
[SourceVersionDate "2023.10.10"]
[SourceQuality "1"]

1. e4 c5 2. Nf3 e6 3. d4 cxd4 4. Nxd4 a6 5. c4 Qc7 6. Be2 Nf6 7. Qd3 d5 8. Nc3 Bb4 9. exd5 exd5 10. Qe3+ Qe7 11. Qxe7+ Kxe7 12. 0-0 dxc4 13. Bg5 Bxc3 14. bxc3 h6 15. Bc1 Nd5 16. Re1 Kd8 17. Bxc4 Be6 18. Nxe6+ fxe6 19. Rxe6 Nxc3 20. Bb2 Nb5 21. Rd1+ Kc8 22. Bxg7 Rh7 23. Re8+ Kc7 24. Be5+ Kb6 25. Bxb8 Kc5 26. Bg8 Nc7 27. Rc1+ Kb5 28. Bxc7 Rxc7 29. Rb1+ Ka5 30. Rxa8 1-0

[Event "Reykjavik Kvika op"]
[Site "Reykjavik"]
[Date "2022.04.06"]
[Round "1"]
[White "Peng, Li Min"]
[Black "Ingvason, Johann"]
[Result "1-0"]
[WhiteElo "2517"]
[BlackElo "2172"]
[PlyCount "101"]
[EventDate "2022.04.06"]
[EventType "swiss"]
[EventRounds "9"]
[EventCountry "ISL"]
[SourceTitle "CBM 207 Extra"]
[Source "ChessBase"]
[SourceDate "2022.05.31"]
[SourceVersion "1"]
[SourceVersionDate "2022.05.31"]
[SourceQuality "1"]

1. Nf3 c5 2. c4 e6 3. g3 d5 4. cxd5 exd5 5. d4 Nf6 6. Bg2 Nc6 7. 0-0 Be7 8. Nc3 h6 9. dxc5 Bxc5 10. a3 a5 11. b3 0-0 12. Bb2 Bf5 13. Rc1 Be7 14. Nd4 Bg6 15. Nxd5 Nxd5 16. Rxc6 bxc6 17. Nxc6 Qb6 18. Bxd5 Rae8 19. Qa1 Bf6 20. Bxf6 gxf6 21. Qxf6 Kh7 22. e4 Qc5 23. Ne5 Qe7 24. Qxe7 Rxe7 25. Nc6 Rd7 26. Nxa5 f5 27. Nc4 fxe4 28. Ne3 Bf7 29. Bxe4+ Kh8 30. b4 Re7 31. Bc6 Ra7 32. Ra1 Bb3 33. b5 Rb8 34. Nf5 Kh7 35. Nd4 Ba4 36. Rb1 Rb6 37. f4 Kg6 38. Kf2 Kf6 39. g4 Re7 40. h4 Rc7 41. g5+ Kg6 42. Rb4 Ra7 43. f5+ Kh7 44. Be4 Bd1 45. f6+ Kh8 46. Rc4 Bg4 47. a4 hxg5 48. hxg5 Bd7 49. Ke3 Kg8 50. Kf4 Kf7 51. Ke5 1-0

[Event "Reykjavik op"]
[Site "Reykjavik"]
[Date "2019.04.16"]
[Round "9"]
[White "Eggleston, David"]
[Black "Ingvason, Johann"]
[Result "1/2-1/2"]
[WhiteElo "2401"]
[BlackElo "2181"]
[PlyCount "83"]
[EventDate "2019.04.08"]
[EventType "swiss"]
[EventRounds "9"]
[EventCountry "ISL"]
[SourceTitle "CBM 189 Extra"]
[Source "ChessBase"]
[SourceDate "2019.06.03"]
[SourceVersion "1"]
[SourceVersionDate "2019.06.03"]
[SourceQuality "1"]

1. e4 e5 2. Nf3 Nc6 3. Bb5 a6 4. Ba4 Nf6 5. d3 d6 6. c3 Be7 7. 0-0 0-0 8. Re1 h6 9. h3 b5 10. Bc2 Re8 11. Nbd2 Bf8 12. a4 Bb7 13. d4 exd4 14. cxd4 Nb4 15. Bb1 c5 16. b3 Rc8 17. axb5 axb5 18. Ba3 Qa5 19. Bb2 Qb6 20. Bc3 g6 21. d5 Bg7 22. Nf1 Nd7 23. Bxg7 Kxg7 24. Qd2 Ra8 25. Rxa8 Bxa8 26. h4 Ne5 27. Nxe5 dxe5 28. h5 Qd6 29. Ne3 Nc6 30. hxg6 fxg6 31. Ng4 g5 32. Ne3 Rf8 33. Nf5+ Rxf5 34. exf5 Nd4 35. Qa5 Bxd5 36. Bd3 Kf6 37. Bxb5 Bxg2 38. Kxg2 Qd5+ 39. Kg1 Nf3+ 40. Kf1 Nh2+ 41. Kg1 Nf3+ 42. Kf1 1/2-1/2

[Event "Reykjavik op"]
[Site "Reykjavik"]
[Date "2019.04.08"]
[Round "1"]
[White "Fier, Alexandr"]
[Black "Ingvason, Johann"]
[Result "1-0"]
[WhiteElo "2570"]
[BlackElo "2181"]
[PlyCount "124"]
[EventDate "2019.04.08"]
[EventType "swiss"]
[EventRounds "9"]
[EventCountry "ISL"]
[SourceTitle "CBM 189 Extra"]
[Source "ChessBase"]
[SourceDate "2019.06.03"]
[SourceVersion "1"]
[SourceVersionDate "2019.06.03"]
[SourceQuality "1"]

1. Nf3 Nf6 2. c4 g6 3. d4 c5 4. Nc3 cxd4 5. Nxd4 Bg7 6. e4 0-0 7. Be2 Nc6 8. Be3 d6 9. 0-0 Nd7 10. Qd2 a5 11. Rfd1 Nxd4 12. Bxd4 Bxd4 13. Qxd4 Qb6 14. Nd5 Qd8 15. Qe3 Nc5 16. e5 Be6 17. Nxe7+ Qxe7 18. exd6 Qf6 19. Qxc5 Qxb2 20. Bf1 b6 21. Qe3 Bf5 22. Rac1 Rfe8 23. Qd2 Qxd2 24. Rxd2 Red8 25. c5 bxc5 26. Rxc5 Be6 27. a4 Rac8 28. Rxa5 Rc1 29. Rd4 Rc6 30. Rb5 Rdxd6 31. Rxd6 Rxd6 32. Rb1 Kg7 33. a5 Bc8 34. Ra1 Ba6 35. Bxa6 Rxa6 36. f4 Kf6 37. Kf2 Ke6 38. Kf3 f5 39. h3 h6 40. Re1+ Kf6 41. Ra1 Ke6 42. Ke3 Kd5 43. g4 Re6+ 44. Kd3 Ra6 45. gxf5 gxf5 46. Re1 Rg6 47. Re5+ Kc6 48. Kd4 Rd6+ 49. Kc4 Rf6 50. Rb5 Kc7 51. Rb6 Rf8 52. Rxh6 Re8 53. Kd5 Re4 54. Rc6+ Kb7 55. Rc4 Re3 56. h4 Ka6 57. h5 Kxa5 58. h6 Kb5 59. Rc7 Kb6 60. Rf7 Rh3 61. h7 Rh5 62. Ke5 Kc6 1-0

[Event "ISL-chT1 1819"]
[Site "Reykjavik"]
[Date "2019.03.02"]
[Round "9.3"]
[White "Ptacnikova, Lenka"]
[Black "Ingvason, Johann"]
[Result "1-0"]
[WhiteElo "2203"]
[BlackElo "2175"]
[PlyCount "115"]
[EventDate "2018.11.08"]
[EventType "team-tourn"]
[EventRounds "9"]
[EventCountry "ISL"]
[SourceTitle "CBM 189 Extra"]
[Source "ChessBase"]
[SourceDate "2019.06.03"]
[SourceVersion "1"]
[SourceVersionDate "2019.06.03"]
[SourceQuality "1"]
[WhiteTeam "Skakfelagidj Huginn"]
[BlackTeam "Breidjablik Bolungavik"]
[WhiteTeamCountry "ISL"]
[BlackTeamCountry "ISL"]

1. c4 Nf6 2. g3 d5 3. cxd5 Nxd5 4. Bg2 e5 5. Nf3 Nc6 6. 0-0 Be7 7. d4 exd4 8. Nxd4 Nxd4 9. Qxd4 Nf6 10. Qa4+ Qd7 11. Qc2 c6 12. Nc3 0-0 13. e4 Qe6 14. Re1 Qc4 15. Bf4 Be6 16. Rac1 Rad8 17. e5 Nd5 18. Nxd5 cxd5 19. Qxc4 dxc4 20. Bxb7 Rb8 21. Ba6 Rxb2 22. Bxc4 Bxc4 23. Rxc4 Rxa2 24. Rb1 Ra5 25. Rb7 Bc5 26. Bd2 Ra1+ 27. Kg2 Bb6 28. Bb4 Ra4 29. Bxf8 Rxc4 30. Rb8 h5 31. Bc5+ Kh7 32. Bxb6 axb6 33. Rxb6 g5 34. Rf6 Kg7 35. Kh3 Re4 36. f4 gxf4 37. gxf4 Re2 38. Kg3 h4+ 39. Kh3 Rf2 40. Kxh4 Rxh2+ 41. Kg4 Ra2 42. Rb6 Ra7 43. Kf5 Re7 44. Kg5 Ra7 45. f5 Ra1 46. f6+ Kh7 47. Rb4 Rg1+ 48. Rg4 Re1 49. Kf5 Rf1+ 50. Ke4 Re1+ 51. Kd5 Rd1+ 52. Kc6 Kh8 53. Rg5 Rd2 54. Kc7 Ra2 55. Kd8 Ra7 56. Ke8 Rb7 57. Kf8 Ra7 58. Rh5# 1-0

[Event "Reykjavik Congress"]
[Site "Reykjavik"]
[Date "2019.01.20"]
[Round "5"]
[White "Stefansson, Vignir Vatnar"]
[Black "Ingvason, Johann"]
[Result "1-0"]
[WhiteElo "2248"]
[BlackElo "2175"]
[PlyCount "74"]
[EventDate "2019.01.06"]
[EventType "swiss"]
[EventRounds "9"]
[EventCountry "ISL"]
[SourceTitle "CBM 188 Extra"]
[Source "ChessBase"]
[SourceDate "2019.02.26"]
[SourceVersion "1"]
[SourceVersionDate "2019.02.26"]
[SourceQuality "1"]

1. d4 Nf6 2. c4 c5 3. d5 b5 4. cxb5 a6 5. Nc3 g6 6. e4 d6 7. Nf3 Bg7 8. Be2 0-0 9. 0-0 axb5 10. Bxb5 Qa5 11. Nd2 Ba6 12. Nc4 Qc7 13. Qe2 Nbd7 14. Bd2 Nh5 15. a4 Bd4 16. Bxa6 Rxa6 17. Nb5 Qb7 18. Nxd4 cxd4 19. b4 Ne5 20. Nxe5 dxe5 21. b5 Rb6 22. Rfb1 Rb8 23. Rb3 f5 24. f3 fxe4 25. fxe4 Rf6 26. a5 Qa7 27. Qd3 Qa8 28. Bg5 Nf4 29. Bxf4 Rxf4 30. b6 Rf6 31. Rbb1 Kg7 32. Qb5 h5 33. Rc1 Rb7 34. Rc6 Rf4 35. a6 Rxe4 36. Qb1 d3 37. axb7 Ra4 1-0

[Event "Reykjavik Congress"]
[Site "Reykjavik"]
[Date "2019.01.09"]
[Round "2"]
[White "Ingvason, Johann"]
[Black "Finnsson, Johann Arnar"]
[Result "1-0"]
[WhiteElo "2175"]
[BlackElo "1761"]
[PlyCount "33"]
[EventDate "2019.01.06"]
[EventType "swiss"]
[EventRounds "9"]
[EventCountry "ISL"]
[SourceTitle "CBM 188 Extra"]
[Source "ChessBase"]
[SourceDate "2019.02.26"]
[SourceVersion "1"]
[SourceVersionDate "2019.02.26"]
[SourceQuality "1"]

1. e4 d6 2. d4 Nf6 3. Nc3 g6 4. Bc4 Bg7 5. Qe2 e5 6. Nf3 Bg4 7. dxe5 dxe5 8. Bxf7+ Kf8 9. Bb3 Nc6 10. Be3 Nd4 11. Nxd4 exd4 12. Qc4 Qe7 13. Bxd4 b6 14. 0-0 c5 15. Bxf6 Qxf6 16. e5 Qe7 17. Qxg4 1-0

[Event "Reykjavik TR CC-A"]
[Site "Reykjavik"]
[Date "2018.09.12"]
[Round "2"]
[White "Stefansson, Vignir Vatnar"]
[Black "Ingvason, Johann"]
[Result "1/2-1/2"]
[WhiteElo "2270"]
[BlackElo "2185"]
[PlyCount "124"]
[EventDate "2018.09.09"]
[EventType "tourn"]
[EventRounds "7"]
[EventCountry "ISL"]
[SourceTitle "CBM 186 Extra"]
[Source "ChessBase"]
[SourceDate "2018.08.24"]
[SourceVersion "1"]
[SourceVersionDate "2018.08.24"]
[SourceQuality "1"]

1. d4 d5 2. c4 c6 3. Nc3 e6 4. e4 dxe4 5. Nxe4 Nf6 6. Nxf6+ Qxf6 7. Nf3 Bb4+ 8. Bd2 Bxd2+ 9. Qxd2 0-0 10. Bd3 Nd7 11. Qe3 c5 12. 0-0 cxd4 13. Nxd4 Nc5 14. Bc2 a5 15. Rad1 b6 16. Nb3 Qxb2 17. Bxh7+ Kxh7 18. Nxc5 Kg8 19. Rd2 Qb4 20. Ne4 f6 21. Nd6 e5 22. f4 Ba6 23. a3 Qc5 24. Qxc5 bxc5 25. fxe5 fxe5 26. Re1 Rf4 27. Rxe5 Bxc4 28. h3 Rf1+ 29. Kh2 Bb3 30. Rxc5 a4 31. Nb5 Rb8 32. Rd7 Rd1 33. Rxd1 Bxd1 34. Nc3 Bc2 35. Rc4 Rb3 36. Nxa4 Rxa3 37. Nc5 Ra2 38. Kg3 Bf5 39. Rc3 Rc2 40. Rxc2 Bxc2 41. Kf4 Bb1 42. g4 Bc2 43. h4 Bb1 44. Nd7 Bc2 45. Ne5 Bb1 46. g5 Bc2 47. Ke3 Bb1 48. Kd4 Bc2 49. Kd5 Bb1 50. Ke6 Bc2 51. Ke7 Bb1 52. Ke8 Bc2 53. Nf3 Bb1 54. Nd4 Bd3 55. Ne6 Bc2 56. Nf4 Bb1 57. Nd5 Bg6+ 58. Ke7 Be4 59. Nf4 Bc2 60. Ke8 Ba4+ 61. Ke7 Bc2 62. h5 Bd1 1/2-1/2

[Event "Helsingor Xtracon op"]
[Site "Helsingor"]
[Date "2018.07.26"]
[Round "7"]
[White "Christiansen, Arne"]
[Black "Ingvason, Johann"]
[Result "1-0"]
[WhiteElo "2032"]
[BlackElo "2189"]
[PlyCount "51"]
[EventDate "2018.07.21"]
[EventType "swiss"]
[EventRounds "10"]
[EventCountry "DEN"]
[SourceTitle "CBM 185 Extra"]
[Source "ChessBase"]
[SourceDate "2018.07.29"]
[SourceVersion "1"]
[SourceVersionDate "2018.07.29"]
[SourceQuality "1"]

1. d4 Nf6 2. Nf3 d5 3. c4 e6 4. cxd5 exd5 5. Nc3 Bb4 6. Bg5 c6 7. Qc2 Qa5 8. Bxf6 gxf6 9. e3 Be6 10. Bd3 h5 11. 0-0 Nd7 12. e4 dxe4 13. Nxe4 0-0-0 14. a3 Be7 15. b4 Qd5 16. Ng3 Kb8 17. Be4 Qb5 18. Nf5 Bf8 19. Rfc1 Rg8 20. a4 Qb6 21. a5 Qb5 22. Ne3 h4 23. d5 Bh3 24. dxc6 bxc6 25. Nd4 Qg5 26. Qxc6 1-0

[Event "Helsingor Xtracon op"]
[Site "Helsingor"]
[Date "2018.07.22"]
[Round "2"]
[White "Ingvason, Johann"]
[Black "Agdestein, Simen"]
[Result "0-1"]
[WhiteElo "2189"]
[BlackElo "2581"]
[PlyCount "114"]
[EventDate "2018.07.21"]
[EventType "swiss"]
[EventRounds "10"]
[EventCountry "DEN"]
[SourceTitle "CBM 185 Extra"]
[Source "ChessBase"]
[SourceDate "2018.07.29"]
[SourceVersion "1"]
[SourceVersionDate "2018.07.29"]
[SourceQuality "1"]

1. e4 c5 2. Nf3 Nc6 3. d4 cxd4 4. Nxd4 Nf6 5. Nc3 d6 6. Bg5 e6 7. Qd2 Be7 8. 0-0-0 0-0 9. f4 Nxd4 10. Qxd4 Qa5 11. e5 dxe5 12. Qxe5 Qxe5 13. fxe5 Nd5 14. Bxe7 Nxe7 15. Bd3 Nc6 16. Rhe1 Rd8 17. Be4 Bd7 18. Bf3 Kf8 19. Nb5 Rab8 20. a3 Ke7 21. Nd6 b5 22. b4 a5 23. c3 axb4 24. cxb4 Rb6 25. Bxc6 Bxc6 26. Rd2 h5 27. g3 Ra8 28. Kb2 Rba6 29. Rc1 f6 30. Rdc2 Bd7 31. Rc3 fxe5 32. Ne4 R6a7 33. Rf1 Be8 34. Re1 Rd8 35. Re2 Bg6 36. Nc5 Rd5 37. Nb3 Bd3 38. Re3 Bf5 39. Na5 Kf6 40. Re2 Rad7 41. Kb3 Bg4 42. Rf2+ Kg6 43. Kb2 e4 44. Nb3 Bf3 45. Rc6 Kf5 46. Kc2 g5 47. Nc5 R7d6 48. Rxd6 Rxd6 49. Rd2 Rd5 50. Rxd5+ exd5 51. a4 bxa4 52. Nxa4 Be2 53. Kd2 Bc4 54. Kc3 e3 55. Nc5 Kg4 56. Ne6 Kh3 57. Nc7 Kg2 0-1

[Event "Helsingor Xtracon op"]
[Site "Helsingor"]
[Date "2018.07.21"]
[Round "1"]
[White "Horslund, Mikael"]
[Black "Ingvason, Johann"]
[Result "0-1"]
[WhiteElo "1714"]
[BlackElo "2189"]
[PlyCount "129"]
[EventDate "2018.07.21"]
[EventType "swiss"]
[EventRounds "10"]
[EventCountry "DEN"]
[SourceTitle "CBM 185 Extra"]
[Source "ChessBase"]
[SourceDate "2018.07.29"]
[SourceVersion "1"]
[SourceVersionDate "2018.07.29"]
[SourceQuality "1"]

1. d4 d5 2. e3 g6 3. Bd3 Nd7 4. f4 c5 5. c3 c4 6. Bc2 Nh6 7. Nf3 Bg7 8. 0-0 0-0 9. Nbd2 Nf6 10. Ne5 Nf5 11. Qe2 Nd6 12. Kh1 Bf5 13. Bxf5 Nxf5 14. g4 Nd6 15. Rg1 Nfe4 16. Nxe4 Nxe4 17. Nf3 Nd6 18. Bd2 Qd7 19. Qg2 f6 20. h4 Qe6 21. Nh2 Rac8 22. Raf1 Qe4 23. Rf3 f5 24. g5 Qc2 25. Bc1 Qxg2+ 26. Kxg2 b5 27. Bd2 Ne4 28. Rd1 a5 29. Rff1 Rb8 30. Be1 b4 31. Kf3 Rb7 32. Rh1 Rfb8 33. Nf1 bxc3 34. Bxc3 a4 35. Rc1 e6 36. h5 Bf8 37. hxg6 hxg6 38. Rh2 a3 39. bxa3 Bxa3 40. Rcc2 Bf8 41. Ng3 Nd6 42. Rh1 Ra8 43. Rch2 Bg7 44. Rc2 Ra3 45. Ne2 Ne4 46. Ra1 Bf8 47. Be1 Raa7 48. Nc3 Nd6 49. Rh2 Ra3 50. Rb1 Raa7 51. Rhb2 Rc7 52. Rb8 Kf7 53. R8b2 Ra3 54. Rh2 Bg7 55. Rb6 Ne4 56. Nb5 Rd3 57. Nxc7 Bxd4 58. Rh7+ Kg8 59. Rd7 Rxe3+ 60. Kg2 Bxb6 61. Nxe6 Rxe1 62. Rg7+ Kh8 63. Rb7 Re2+ 64. Kh3 Nf2+ 65. Kg3 0-1

[Event "Reykjavik Icelandic op"]
[Site "Reykjavik"]
[Date "2018.06.08"]
[Round "9"]
[White "Bjornsson, Sigurbjorn"]
[Black "Ingvason, Johann"]
[Result "1-0"]
[WhiteElo "2295"]
[BlackElo "2164"]
[PlyCount "107"]
[EventDate "2018.06.01"]
[EventType "swiss"]
[EventRounds "10"]
[EventCountry "ISL"]
[SourceTitle "CBM 184 Extra"]
[Source "ChessBase"]
[SourceDate "2018.06.28"]
[SourceVersion "1"]
[SourceVersionDate "2018.06.28"]
[SourceQuality "1"]

1. e4 c6 2. d4 d5 3. Nd2 dxe4 4. Nxe4 Bf5 5. Ng3 Bg6 6. h4 h6 7. Nf3 e6 8. Ne5 Bh7 9. Bc4 Nf6 10. f4 Nbd7 11. Qe2 Nxe5 12. fxe5 Nd5 13. Bb3 Qb6 14. Qc4 Bb4+ 15. c3 Be7 16. Bd2 Qd8 17. Qe2 Bxh4 18. Qg4 Bxg3+ 19. Qxg3 Bg6 20. 0-0-0 Qc7 21. Qf2 0-0-0 22. c4 b5 23. cxd5 cxd5+ 24. Bc3 b4 25. Rh3 Kb8 26. Bc2 Rc8 27. Bxg6 fxg6 28. Kb1 bxc3 29. Rxc3 Qd7 30. Rdc1 Rxc3 31. Rxc3 h5 32. Qg3 Rf8 33. a3 Ka8 34. Qxg6 Rb8 35. Qc2 g5 36. Rc6 h4 37. Rd6 Qb5 38. Rxe6 g4 39. Rg6 g3 40. Rh6 Qb7 41. Rxh4 Rc8 42. Qd2 Qb3 43. Rf4 Qc4 44. Rf3 Rh8 45. Rc3 Rh1+ 46. Rc1 Rxc1+ 47. Qxc1 Qd3+ 48. Qc2 Qf1+ 49. Ka2 Kb7 50. Qb3+ Kc6 51. Qxg3 Qc4+ 52. Qb3 Qxd4 53. Qc3+ Qxc3 54. bxc3 1-0

[Event "Reykjavik Icelandic op"]
[Site "Reykjavik"]
[Date "2018.06.06"]
[Round "7"]
[White "Ptacnikova, Lenka"]
[Black "Ingvason, Johann"]
[Result "1-0"]
[WhiteElo "2230"]
[BlackElo "2164"]
[PlyCount "73"]
[EventDate "2018.06.01"]
[EventType "swiss"]
[EventRounds "10"]
[EventCountry "ISL"]
[SourceTitle "CBM 184 Extra"]
[Source "ChessBase"]
[SourceDate "2018.06.28"]
[SourceVersion "1"]
[SourceVersionDate "2018.06.28"]
[SourceQuality "1"]

1. e4 b6 2. d4 e6 3. Nc3 Bb7 4. f3 d5 5. Nge2 Nf6 6. e5 Nfd7 7. Be3 a6 8. a4 c5 9. f4 Nc6 10. g3 Be7 11. Bg2 g6 12. 0-0 h5 13. Nb1 cxd4 14. Nxd4 Qc7 15. Nd2 Nxd4 16. Bxd4 Nc5 17. b4 Ne4 18. Nxe4 dxe4 19. c3 Rd8 20. a5 b5 21. Rb1 h4 22. Qe1 hxg3 23. hxg3 Qc4 24. Qe3 Qa2 25. Rbd1 Kf8 26. Rd2 Qd5 27. Re1 Kg7 28. Ree2 Qc6 29. Bxe4 Qc8 30. Bxb7 Qxb7 31. Qe4 Qc8 32. Rh2 Qc4 33. Rxh8 Rxh8 34. Rh2 Rd8 35. Qh1 Rg8 36. Rh7+ Kf8 37. Qa8+ 1-0

[Event "Reykjavik Icelandic op"]
[Site "Reykjavik"]
[Date "2018.06.02"]
[Round "3"]
[White "Ingvason, Johann"]
[Black "Briem, Benedikt"]
[Result "1-0"]
[WhiteElo "2164"]
[BlackElo "1624"]
[PlyCount "45"]
[EventDate "2018.06.01"]
[EventType "swiss"]
[EventRounds "10"]
[EventCountry "ISL"]
[SourceTitle "CBM 184 Extra"]
[Source "ChessBase"]
[SourceDate "2018.06.28"]
[SourceVersion "1"]
[SourceVersionDate "2018.06.28"]
[SourceQuality "1"]

1. e4 e6 2. d4 d5 3. Nc3 Nf6 4. Bg5 Be7 5. e5 Nfd7 6. h4 a6 7. Qg4 Bxg5 8. hxg5 Nf8 9. Bd3 Qe7 10. Nxd5 Qd7 11. Nc3 Nc6 12. Nge2 Ne7 13. 0-0-0 b5 14. Ne4 Bb7 15. Nc5 Qc8 16. Nf4 Nd5 17. g6 Nxf4 18. gxf7+ Kxf7 19. Qxf4+ Ke8 20. Qg4 Kf7 21. Nxb7 Qxb7 22. Be4 c6 23. Qf3+ 1-0